| 000 | 00904nam a2200301Ia 4500 | ||
|---|---|---|---|
| 003 | OSt | ||
| 005 | 20221007121240.0 | ||
| 006 | a|||||r|||| 00| 0 | ||
| 007 | ta | ||
| 008 | 221006b |||||||| |||| 00| 0 eng d | ||
| 020 | _a9780815344469 (pbk) | ||
| 024 | _a187122 | ||
| 037 |
_b126, 11/09/2012, Dhanraj Book House _cTextual |
||
| 040 |
_aBDL _cBDL _beng |
||
| 041 |
_2eng _aeng |
||
| 082 | _aE9G,92Z2, Q2 Carb | ||
| 100 |
_aWilliamson Mike _9463643 |
||
| 245 | 0 | _aHow proteins work | |
| 260 |
_aNew _bYork Garland _c2012 |
||
| 300 |
_axv, 464p. _ccm. |
||
| 500 | _aGlossary 435-444p.; Index 445-464p. | ||
| 650 | _a Biochemistry | ||
| 650 | _a Biophysics | ||
| 650 |
_a Proteins - analysis _9710176 |
||
| 650 |
_aProteins _9400913 |
||
| 942 |
_hE9G,92Z2, Q2 Carb _cTEXL _2CC |
||
| 999 |
_c1208612 _d1208612 |
||